logo

Bir Sreshtho Munshi Abdur Rouf Library
Jhenaidah Cadet College

বিশ্ব-ইতিহাস প্রসঙ্গ / (Record no. 4607)

MARC details
000 -LEADER
fixed length control field 00931nam a22002537a 4500
001 - CONTROL NUMBER
JCCL Control Number 4607
003 - CONTROL NUMBER IDENTIFIER
JCCL marc code BD-JhCC
005 - DATE AND TIME OF LATEST TRANSACTION
control field 20171128195210.0
008 - FIXED-LENGTH DATA ELEMENTS--GENERAL INFORMATION
fixed length control field 171128r19511965ii ab||| |||| 001 0 eng d
035 ## - SYSTEM CONTROL NUMBER
system control number (BD-JhCC)4607
040 ## - CATALOGING SOURCE
Original cataloging agency BD-JhCC
Modifying agency BD-JhCC
041 ## - LANGUAGE CODE
Language code of Book eng
082 ## - DEWEY DECIMAL CLASSIFICATION NUMBER
Classification number 954.035
Author mark and Year NEH 1965
100 ## - MAIN ENTRY--PERSONAL NAME
Personal name নেহরু, জওহরলাল
245 ## - TITLE STATEMENT
Title বিশ্ব-ইতিহাস প্রসঙ্গ /
Statement of responsibility, etc জওহরলাল নেহরু অনুবাদ ভি কে কৃষ্ণ মেনন
260 ## - PUBLICATION, DISTRIBUTION, ETC. (IMPRINT)
Place of publication, distribution, etc কলকাতা :
Name of publisher, distributor, etc আনন্দ পাবলিশার্স প্রাইভেট লিমিটেড ,
Date of publication, distribution, etc ১৯৬৫.
300 ## - PHYSICAL DESCRIPTION
Pagination ৯৪২ পৃ. :
Other physical details ill. ;
Dimensions ২২ সেমি.
504 ## - BIBLIOGRAPHY, ETC. NOTE
Bibliography, etc Includes Maps
650 ## - SUBJECT ADDED ENTRY--TOPICAL TERM
Topical term or geographic name as entry element World History
650 ## - SUBJECT ADDED ENTRY--TOPICAL TERM
Topical term or geographic name as entry element Civilization
700 ## - ADDED ENTRY--PERSONAL NAME
Personal name মেনন, ভি কে কৃষ্ণ
942 ## - ADDED ENTRY ELEMENTS (KOHA)
Source of classification or shelving scheme Dewey Decimal Classification
Koha item type Books
Holdings
Source of classification or shelving scheme Damaged status Not for loan Home library Current library Shelving location Date of accession Total Checkouts Full call number Barcode Date last seen Copy number Koha item type
Dewey Decimal Classification     JCC Rouf Library JCC Rouf Library General Stacks 11/28/2017   954.035 NEH 1965 6415 11/28/2017 C - 1 Books

JCC Library | Contacts | JCC Home

Last Update on 23 September 2017
Copyright @ 2017-2020 JCC Rouf Library
Rouf Library, Jhenidah Cadet College (JCC), Bangladesh